सूचना-क्रांति और विश्व-भाषा हिंदी / (Record no. 113705)
[ view plain ]
| 000 -LEADER | |
|---|---|
| fixed length control field | 01070nam a22002537a 4500 |
| 005 - DATE AND TIME OF LATEST TRANSACTION | |
| control field | 20170124102957.0 |
| 010 ## - LIBRARY OF CONGRESS CONTROL NUMBER | |
| LC control number | B-090538 |
| 020 ## - INTERNATIONAL STANDARD BOOK NUMBER | |
| Terms of availability | 300.00 |
| International Standard Book Number | 8179650650 |
| 035 ## - SYSTEM CONTROL NUMBER | |
| System control number | B-090538 |
| 037 ## - SOURCE OF ACQUISITION | |
| Source of stock number/acquisition | Cen Lib/Ret |
| 040 ## - CATALOGING SOURCE | |
| Original cataloging agency | DPL |
| Language of cataloging | HN |
| 082 ## - DEWEY DECIMAL CLASSIFICATION NUMBER | |
| Classification number | 420 |
| Item number | हरिमो |
| 100 ## - MAIN ENTRY--PERSONAL NAME | |
| Personal name | हरिमोहन |
| 9 (RLIN) | 106192 |
| 245 ## - TITLE STATEMENT | |
| Title | सूचना-क्रांति और विश्व-भाषा हिंदी / |
| Statement of responsibility, etc | हरिमोहन |
| 246 ## - VARYING FORM OF TITLE | |
| Title proper/short title | Suchana-kranti aur viswa-bhasha Hindi / |
| Remainder of title | by Harimohan |
| 260 ## - PUBLICATION, DISTRIBUTION, ETC. (IMPRINT) | |
| Place of publication, distribution, etc | नई दिल्ली |
| Name of publisher, distributor, etc | तक्षशिला प्रकाशन |
| Date of publication, distribution, etc | 2004 |
| 270 ## - ADDRESS | |
| Address | 23/4761, अंसारी रोड, दरियागंज |
| City | नई दिल्ली |
| Postal code | 110002 |
| 300 ## - PHYSICAL DESCRIPTION | |
| Extent | 176पृ. |
| Dimensions | 21सेमी(सजिल्द ) |
| 650 ## - SUBJECT ADDED ENTRY--TOPICAL TERM | |
| Topical term or geographic name as entry element | हिंदी भाषा |
| General subdivision | |
| Geographic subdivision | |
| 9 (RLIN) | 106193 |
| 650 ## - SUBJECT ADDED ENTRY--TOPICAL TERM | |
| Topical term or geographic name as entry element | कंप्यूटर और हिंदी |
| Form subdivision | |
| 9 (RLIN) | 53512 |
| 650 ## - SUBJECT ADDED ENTRY--TOPICAL TERM | |
| Topical term or geographic name as entry element | Hindi language |
| 9 (RLIN) | 9446 |
| 650 ## - SUBJECT ADDED ENTRY--TOPICAL TERM | |
| Topical term or geographic name as entry element | Computer and Hindi |
| 9 (RLIN) | 53513 |
| 942 ## - ADDED ENTRY ELEMENTS (KOHA) | |
| Source of classification or shelving scheme | Dewey Decimal Classification |
| Koha item type | Hindi Books |
| Classification part | 420 |
| Call number suffix | हरिमो |
| Withdrawn status | Lost status | Damaged status | Not for loan | Home library | Current library | Date acquired | Source of acquisition | Cost, normal purchase price | Total Checkouts | Full call number | Barcode | Date last seen | Date checked out | Copy number | Cost, replacement price | Price effective from | Koha item type |
|---|---|---|---|---|---|---|---|---|---|---|---|---|---|---|---|---|---|
| Central Library | Central Library | 13/08/2015 | Cen Lib/Ret | 300.00 | 3 | 420 हरिमो | B-090538 | 05/10/2021 | 11/09/2021 | 1 | 300.00 | 13/08/2015 | Hindi Books |
